000 01027nam a2200313 i 4500
003 EG-GICUC
005 20260121101731.0
008 260117s2005 uk ||||fr ||| 00| 0 eng d
020 _a0521839378
040 _aEG-GICUC
_cEG-GICUC
_dEG-GICUC
_erda
_beng
041 0 _aeng
082 0 4 _221
_a341.48
_bHE . C
092 0 4 _221
099 _aLaw1 11 341.48 HE . C 2005
100 1 _aHenckaerts,Jean-Marie
_eAuthor.
245 1 2 _aCustomary International Humanitarian Law /
_nVolume 2:
_pPractice.
_cJean-Marie Henckaerts .
264 0 _aUnited Kingdom :
_bInternational Committee Of The Red Cross ,
_c2005 .
300 _a1982 Pages;
_c30 cm.
_billustrations,
336 _atext
_2rda content
337 _aComputer
_2rda media
338 _aOnline Resource
_2rda carrier
546 _aText in English
650 0 4 _aPublic international law
650 0 4 _aHuman Rights
700 1 _aBeck,Louise Doswals
_eAuthor.
856 _uhttps://fll.law.cu.edu.eg/fulltext/th/B11-06823.pdf
905 _a59
942 _2ddc
_cBK
_e21
_n0
999 _c57313
_d57313